000 00284nam a2200109Ia 4500
008 200302s9999 xx 000 0 und d
100 _aUmut toker
245 _aMaking Community Design Work
260 _bAmerican Planning Association Planners Press
260 _c2012
300 _a218 P.,
999 _c5427
_d5427